00632nam a2200169Ia 4500001001000000003000500010008004100015010001100056040000900067100003500076245013600111260007000247300001000317440005300327650003400380710004800414Para_2884CHAP220125s1988 xx 000 0 und d a201417 cCHAP aLeos Rodríguez, Juan Antonio aLa intervención del Estado en la agricultura y las modalidades de la política de precios /c por Juan Antonio Leos Rodríguez aChapingo, Méx. :b UACh. Departamento de Economía Agrícola a23 p. aNotas de clase política agrícola: Apuntes; 2 aAgricultura y Estado Precios aUACh. Departamento de Economía Agrícola